000 01129nam a2200217Ia 4500
003 OSt
005 20241009155807.0
007 ca aa aaaaa
008 201103s9999 xx 000 0 und d
040 _cSSBUL
041 _abur
082 _223
_a၂၉၄.၃၄၃၅၀၉ ချမ်း
_b၉၂၈၆ S-SAT
100 0 _aချမ်းမြ၊ ဦး(မဟာဝိဇ္ဇာဘွဲ့ရ)
_917402
245 1 0 _aတောင်ငူရာဇဝင်အကျဉ်းချုပ်နှင့်ရွှေဆံတော်ဘုရားသမိုင်း /
_cဦးချမ်းမြ(မဟာဝိဇ္ဇာဘွဲ့ရ)။
250 _a တတိယအကြိမ်။
260 _aတောင်ငူ ၊
_bရွှေဆံတော်ဘုရားကြီးဂေါပကအဖွဲ့၊
_c၁၉၉၁။
300 _aဂ၊ ၁၁၄ စာမျက်နှာ ၊
_bပုံများ ၊
_c၂၀ စင်တီ။
500 _aS-SAT: Dr. Sai Aung Tun
650 _aရွှေဆ့တော်ဘုရား
_vသမိုင်း
_954985
942 _2ddc
_cBK1
999 _c16821
_d16821